000 00499nam a22001697a 4500
003 NUST - PNEC
005 20170116181152.0
008 151201b xxu||||| |||| 00| 0 eng d
020 _a9788177584080
040 _cLIBRARY
082 _a621.395 SMI
100 _915484
_a Smith, Michael John Sebastian
245 _aApplication specific integrated circuits
_cMichael John Sebastian Smith
260 _cc.2010
650 _915485
_aApplication-specific integrated circuits
_xME
942 _2ddc
_cBK
999 _c70982
_d70982